Hazrat Muhammad Mustafa Sal Lal Laaho Allehi Wa Sallam (Record no. 325928)
[ view plain ]
| 000 -LEADER | |
|---|---|
| fixed length control field | 00294 a2200097 4500 |
| 001 - CONTROL NUMBER | |
| control field | 90855 |
| 082 ## - DEWEY DECIMAL CLASSIFICATION NUMBER | |
| Classification number | 297.63 WAH |
| 090 ## - LOCALLY ASSIGNED LC-TYPE CALL NUMBER (OCLC); LOCAL CALL NUMBER (RLIN) | |
| -- | 43027 |
| -- | 43027 |
| 100 ## - MAIN ENTRY--PERSONAL NAME | |
| Personal name | Abdul Waheed Khan |
| 245 ## - TITLE STATEMENT | |
| Title | Hazrat Muhammad Mustafa Sal Lal Laaho Allehi Wa Sallam |
| Remainder of title | The Personality of Allah's Last Messenger |
| Medium | Abdul Waheed Khan |
| 942 ## - ADDED ENTRY ELEMENTS (KOHA) | |
| Call number prefix | 297.63 WAH |
| Withdrawn status | Lost status | Damaged status | Not for loan | Collection code | Permanent Location | Current Location | Date acquired | Total Checkouts | Full call number | Barcode | Date last seen | Price effective from | Koha item type |
|---|---|---|---|---|---|---|---|---|---|---|---|---|---|
| College of Aeronautical Engineering (CAE) | College of Aeronautical Engineering (CAE) | 04/03/2017 | 297.63 WAH | CAEG-9126 | 04/05/2017 | 04/05/2017 | Book |
